Las cuestiones
Saved in:
| Hovedforfatter: | |
|---|---|
| Format: | Bog |
| Sprog: | spansk |
| Udgivet: |
Buenos Aires
Fondo de Cultura Económica
2007
|
| Udgivelse: | 1a. ed |
| Serier: | Sección de Obras de Sociología
|
| Fag: | |
| Tags: |
Tilføj Tag
Ingen Tags, Vær først til at tagge denne postø!
|
MARC
| LEADER | 00000cam a2200000 a 4500 | ||
|---|---|---|---|
| 001 | UCF9028 | ||
| 003 | CL-VaPUC | ||
| 008 | 131018e20070000ag |||||||||||||||||spa|d | ||
| 020 | |a 9789505577286 | ||
| 082 | 0 | 4 | |a 306 |b CAS |2 21 |
| 100 | 0 | |a Casullo, Nicolás |e author |9 571182 | |
| 245 | 1 | 4 | |a Las cuestiones |
| 250 | |a 1a. ed | ||
| 300 | |a 504 p | ||
| 942 | |c BK | ||
| 945 | |d 20131018 14:00:00 |a dcastane | ||
| 260 | |a Buenos Aires |b Fondo de Cultura Económica |c 2007 | ||
| 650 | 0 | |a Sociología |9 255410 | |
| 650 | 0 | |a Antropología cultural y social |9 265143 | |
| 583 | |a last modification |c 20131018 14:00:00 |k Rodrigo Vera | ||
| 490 | 0 | |a Sección de Obras de Sociología | |
| 999 | |c 353513 |d 353511 | ||
| 952 | |0 0 |1 0 |3 erb |4 0 |6 306_000000000000000_CAS_2007 |7 0 |8 A |9 458827 |a BIBEDU |b BIBEDU |d 2019-11-23 |i 5019168 |o 306 CAS 2007 |p 5019168 |r 2019-11-23 |w 2019-11-23 |y BK |z Catalogado en:20131018 |k PSI | ||